| 000 | 00509nam a2200181 a 4500 | ||
|---|---|---|---|
| 001 | 3171 | ||
| 005 | 20140414132001.0 | ||
| 008 | 060202s19uu xx 00 eng d | ||
| 020 | _a0-590-40024-x | ||
| 050 |
_aTR 595.7 _bC67 1996 |
||
| 100 | _aCole, Joanna | ||
| 245 |
_aMagic school bus gets ants in pants : _ba book about ants / _cJoanna Cole. |
||
| 260 |
_aNew York : _bScholastic, _c1996. |
||
| 300 | _a1 v. p. ; cm. | ||
| 650 |
_aAnts _xFiction _xChildren stories. |
||
| 999 |
_c113067 _d113067 |
||